| Tag |
First Indicator |
Second Indicator |
Subfields |
| LEADER |
00000cam a2200000Ia 4500 |
| 001 |
in00001664068 |
| 005 |
20151024121540.0 |
| 007 |
cr gn--------- |
| 008 |
020301s2002 orub b f000 0 eng d |
| 035 |
|
|
|a (OCoLC)ocm49221118
|
| 040 |
|
|
|a WAU
|c WAU
|d TXA
|d UtOrBLW
|
| 043 |
|
|
|a n-us-wa
|a n-us-or
|
| 049 |
|
|
|a TXAM
|
| 086 |
0 |
|
|a A 13.88:PNW-GTR-528
|
| 090 |
|
|
|a SD11
|b .A479 no.528
|
| 100 |
1 |
|
|a Lipow, Sara Rebekah,
|d 1969-
|
| 245 |
1 |
0 |
|a Ex situ gene conservation for conifers in the Pacific Northwest /
|c Sara R Lipow, J. Bradley St. Clair, and G.R. Johnson.
|
| 264 |
|
1 |
|a Portland, OR :
|b U.S. Dept. of Agriculture, Forest Service, Pacific Northwest Research Station,
|c [2002]
|
| 300 |
|
|
|a 54 pages :
|b maps ;
|c 28 cm.
|
| 336 |
|
|
|a text
|b txt
|2 rdacontent
|
| 337 |
|
|
|a computer
|b c
|2 rdamedia
|
| 338 |
|
|
|a online resource
|b cr
|2 rdacarrier
|
| 490 |
1 |
|
|a General technical report PNW ;
|v GTR-528
|
| 500 |
|
|
|a Cover title.
|
| 500 |
|
|
|a "January 2002."
|
| 530 |
|
|
|a Also issued electronically via World Wide Web in PDF format.
|
| 504 |
|
|
|a Includes bibliographical references (pages 44-48).
|
| 650 |
|
0 |
|a Conifers
|x Germplasm resources
|z Washington (State)
|
| 650 |
|
0 |
|a Conifers
|x Germplasm resources
|z Oregon.
|
| 650 |
|
0 |
|a Forest germplasm resources conservation
|z Washington (State)
|
| 650 |
|
0 |
|a Forest germplasm resources conservation
|z Oregon.
|
| 700 |
1 |
|
|a St. Clair, John Bradley.
|
| 700 |
1 |
|
|a Johnson, Randy
|q (G. Randy)
|
| 830 |
|
0 |
|a General technical report PNW ;
|v 528.
|
| 856 |
4 |
1 |
|u http://www.fs.fed.us/pnw/pubs/gtr528.pdf
|z Connect to this title online
|t 0
|
| 994 |
|
|
|a E0
|b TXA
|
| 999 |
|
|
|a MARS
|
| 999 |
f |
f |
|s da30415d-3751-3ce5-9b79-a4000fdbf747
|i 840b6b11-27e8-3046-9ed8-cafbf7c53f4e
|t 0
|
| 952 |
f |
f |
|p normal
|a Texas A&M University
|b College Station
|c Sterling C. Evans Library
|d Evans: US Documents (Annex 5th floor)
|t 0
|e A 13.88:PNW-GTR-528
|h Superintendent of Documents classification
|i computer -- online resource
|m A14828682629
|
| 952 |
f |
f |
|a Texas A&M University
|b College Station
|c Electronic Resources
|d Available Online
|t 0
|e A 13.88:PNW-GTR-528
|h Superintendent of Documents classification
|
| 998 |
f |
f |
|a A 13.88:PNW-GTR-528
|t 0
|l Available Online
|
| 998 |
f |
f |
|a A 13.88:PNW-GTR-528
|t 0
|l Evans: US Documents (Annex 5th floor)
|